[Event "I Festival Golfo di Policastro A"]
[Site "San Nicola Arcella ITA"]
[Date "2007.09.19"]
[Round "4"]
[White "Colucci, Stefano"]
[Black "Rahimov, Rahmatjon"]
[Result "1/2-1/2"]
[WhiteElo "1944"]
[BlackElo "2120"]
[PlyCount "75"]
[EventDate "2007.09.16"]

1. d4 d5 2. Nf3 Nf6 3. c4 c6 4. Nc3 e6 5. e3 Nbd7 6. Bd3 dxc4 7. Bxc4 b5 8. Bd3
Bb7 9. O-O a6 10. Qe2 c5 11. dxc5 Bxc5 12. a3 Rc8 13. Rd1 Qc7 14. h3 h6 15. Bd2
O-O 16. Rac1 Qb8 17. b4 Bd6 18. a4 Bxb4 19. axb5 a5 20. Na2 Nd5 21. Nxb4 axb4
22. Nd4 Qe5 23. Nc6 Bxc6 24. bxc6 Nb8 25. Bb5 Nc7 26. Bxb4 Qxb5 27. Qxb5 Nxb5
28. Bxf8 Kxf8 29. c7 Nxc7 30. Rxc7 Rxc7 31. Rd8+ Ke7 32. Rxb8 Rc2 33. Rb7+ Kf6
34. f3 Kg6 35. Kh2 f5 36. Rb6 Kf6 37. Kg3 Re2 38. Rb3 1/2-1/2

[Event "I Festival Golfo di Policastro A"]
[Site "San Nicola Arcella ITA"]
[Date "2007.09.19"]
[Round "4"]
[White "Cruz Alvarez De Ron, Dan"]
[Black "Marincolo, Piercarlo"]
[Result "1-0"]
[WhiteElo "2204"]
[BlackElo "1760"]
[PlyCount "75"]
[EventDate "2007.09.16"]

1. c4 Nf6 2. Nc3 g6 3. e4 d6 4. d4 Bg7 5. Nf3 O-O 6. Be2 e5 7. dxe5 dxe5 8.
Qxd8 Rxd8 9. Bg5 Re8 10. O-O-O c6 11. Nxe5 Nxe4 12. Nxe4 Bxe5 13. Rhe1 Nd7 14.
Bf3 Re6 15. Be3 Kg7 16. b3 f6 17. Re2 Nb6 18. Red2 Re7 19. a4 Nd7 20. g3 a6 21.
Bg2 f5 22. Nd6 Nf6 23. Bc5 Bxd6 24. Rxd6 Rf7 25. Bd4 f4 26. Re1 fxg3 27. fxg3
Bf5 28. Rxf6 Kg8 29. Rxf7 Kxf7 30. Bc5 b6 31. Bxc6 Rc8 32. Bd5+ Kg7 33. Re7+
Kf6 34. Rf7+ Ke5 35. Bxb6 h5 36. Kd2 Re8 37. Ke3 Kd6+ 38. Kd4 1-0

[Event "I Festival Golfo di Policastro A"]
[Site "San Nicola Arcella ITA"]
[Date "2007.09.19"]
[Round "4"]
[White "Damia, Angelo"]
[Black "Bagaturov, Giorgi"]
[Result "0-1"]
[WhiteElo "2263"]
[BlackElo "2474"]
[PlyCount "74"]
[EventDate "2007.09.16"]

1. e4 c5 2. a3 Nc6 3. b4 cxb4 4. axb4 Nxb4 5. d4 d5 6. c3 Nc6 7. exd5 Qxd5 8.
Na3 Bd7 9. Nc4 e6 10. Nb6 Qe4+ 11. Be3 Rd8 12. Nxd7 Rxd7 13. Nf3 Nf6 14. Bd3
Qd5 15. O-O Be7 16. c4 Qd6 17. d5 exd5 18. Bf5 Rd8 19. c5 Qb8 20. Qa4 O-O 21.
Qh4 g6 22. Bg5 Ne4 23. Bxe7 Nxe7 24. Bxe4 dxe4 25. Ng5 h5 26. Nxe4 Nd5 27. g3
b6 28. Rfd1 Qe5 29. Rxa7 bxc5 30. Rxd5 Rxd5 31. Nf6+ Kg7 32. Nxd5 Qxd5 33. Qe7
Rb8 34. Ra1 c4 35. Rc1 Rb2 36. Qe3 Rb3 37. Qf4 Rd3 0-1

[Event "I Festival Golfo di Policastro A"]
[Site "San Nicola Arcella ITA"]
[Date "2007.09.19"]
[Round "4"]
[White "Lombardi, Mariano"]
[Black "Lazic, Miroljub"]
[Result "0-1"]
[WhiteElo "1877"]
[BlackElo "2470"]
[PlyCount "66"]
[EventDate "2007.09.16"]

1. e4 d6 2. d4 Nf6 3. Nc3 c6 4. Nf3 Bg4 5. h3 Bh5 6. Qe2 e6 7. g4 Bg6 8. h4 h5
9. g5 Nfd7 10. d5 cxd5 11. exd5 e5 12. Bh3 Be7 13. Be3 a6 14. O-O-O b5 15. Nd2
Qc7 16. Nce4 Nb6 17. Bxb6 Qxb6 18. f4 exf4 19. Rhe1 Ra7 20. Nb3 O-O 21. Nd4 Rc7
22. Nf5 Bxf5 23. Bxf5 g6 24. Rg1 Qe3+ 25. Qxe3 fxe3 26. Bh3 Rc4 27. Nc3 Rxh4
28. Bf1 Nd7 29. Re1 Bd8 30. Bd3 Re8 31. a4 bxa4 32. Bxa6 Nc5 33. Bb5 Re5 0-1

[Event "I Festival Golfo di Policastro A"]
[Site "San Nicola Arcella ITA"]
[Date "2007.09.19"]
[Round "4"]
[White "Meijers, Viesturs"]
[Black "Caporale, Giuseppe Guido"]
[Result "1-0"]
[WhiteElo "2483"]
[BlackElo "1850"]
[PlyCount "108"]
[EventDate "2007.09.16"]

1. e4 c5 2. Nf3 d6 3. d4 cxd4 4. Nxd4 Nf6 5. Nc3 a6 6. Be2 e5 7. Nb3 Be7 8. Bg5
Nbd7 9. a4 b6 10. Bc4 Bb7 11. Qe2 h6 12. Bxf6 Nxf6 13. O-O O-O 14. Rfd1 Qc7 15.
Nd2 Rfc8 16. Bb3 Bf8 17. Nc4 Bc6 18. f3 Rd8 19. Ne3 Qb7 20. Ncd5 Nd7 21. Nc3
Nc5 22. Bd5 Rac8 23. Qf2 Ne6 24. Bxc6 Qxc6 25. Ncd5 a5 26. b3 Nf4 27. Nc4 Qc5
28. Ndxb6 d5 29. Nxd5 Qc6 30. Kh1 Nxd5 31. exd5 Rxd5 32. Rxd5 Qxd5 33. Nb6 Qc5
34. Qxc5 Rxc5 35. Nc4 Rd5 36. Kg1 Bb4 37. Kf1 f6 38. Ke2 Kf7 39. Rd1 Rxd1 40.
Kxd1 Ke6 41. Ke2 f5 42. Kd3 Kd5 43. c3 e4+ 44. fxe4+ fxe4+ 45. Kc2 Bc5 46. Nxa5
Bg1 47. h3 Ke5 48. Kd2 Kf4 49. h4 Kg3 50. Nc6 g5 51. a5 h5 52. a6 g4 53. a7
Be3+ 54. Kxe3 Kxg2 1-0

[Event "I Festival Golfo di Policastro A"]
[Site "San Nicola Arcella ITA"]
[Date "2007.09.19"]
[Round "4"]
[White "Pedersen, Nicolai Vesterbaek"]
[Black "Bentivegna, Francesco"]
[Result "1/2-1/2"]
[WhiteElo "2440"]
[BlackElo "2277"]
[PlyCount "42"]
[EventDate "2007.09.16"]

1. d4 d5 2. c4 e6 3. Nc3 c5 4. cxd5 cxd4 5. Qa4+ Bd7 6. Qxd4 exd5 7. Qxd5 Nc6
8. Nf3 Nf6 9. Qd1 Bc5 10. e3 Qe7 11. Be2 O-O-O 12. O-O g5 13. b4 Bxb4 14. Bb2
g4 15. Nd4 Kb8 16. Ncb5 Rhe8 17. Rb1 a6 18. Nxc6+ Bxc6 19. Nd4 Be4 20. Bd3 Bd6
21. Ba1 21... Ka8 {...} 1/2-1/2

[Event "I Festival Golfo di Policastro A"]
[Site "San Nicola Arcella ITA"]
[Date "2007.09.19"]
[Round "4"]
[White "Rotoni, Matteo"]
[Black "Barlotti, Gabriele"]
[Result "1-0"]
[WhiteElo "2074"]
[BlackElo "1660"]
[PlyCount "43"]
[EventDate "2007.09.16"]

1. e4 c5 2. d4 cxd4 3. c3 Nf6 4. e5 Nd5 5. cxd4 e6 6. Nc3 Bb4 7. Bd2 Nxc3 8.
bxc3 Be7 9. Qg4 Bf8 10. Bd3 d6 11. f4 dxe5 12. fxe5 Nc6 13. Nf3 a6 14. O-O h6
15. Qf4 Qd7 16. c4 Be7 17. Rad1 O-O 18. Qe4 f5 19. exf6 Bxf6 20. d5 Ne7 21.
Qh7+ Kf7 22. Ne5+ 1-0

[Event "I Festival Golfo di Policastro A"]
[Site "San Nicola Arcella ITA"]
[Date "2007.09.19"]
[Round "4"]
[White "Rotstein, Arkadij"]
[Black "Blasco, Domenico"]
[Result "1-0"]
[WhiteElo "2515"]
[BlackElo "1981"]
[PlyCount "75"]
[EventDate "2007.09.16"]

1. Nf3 g6 2. e4 Bg7 3. d4 d6 4. Bc4 e6 5. Bg5 Ne7 6. Nc3 a6 7. a4 b6 8. Qd2 h6
9. Bh4 Nd7 10. O-O Bb7 11. Rfe1 O-O 12. Rad1 g5 13. Bg3 Ng6 14. h3 Nf6 15. Qe3
Nh5 16. Bh2 Ngf4 17. e5 Bxf3 18. Qxf3 d5 19. Bf1 f6 20. g3 fxe5 21. gxf4 Nxf4
22. dxe5 Ng6 23. Qg4 Qe7 24. Bg3 Kh8 25. Bd3 Nf4 26. Bxf4 Rxf4 27. Qh5 Qe8 28.
Qxe8+ Rxe8 29. Bxa6 Ref8 30. Re2 Rf3 31. Kg2 c5 32. Nb5 R3f4 33. Nc7 Rxa4 34.
Bb5 Rb4 35. c3 Re4 36. Rxe4 dxe4 37. Nxe6 Rf5 38. Rd8+ 1-0

[Event "I Festival Golfo di Policastro A"]
[Site "San Nicola Arcella ITA"]
[Date "2007.09.19"]
[Round "4"]
[White "Tondo, Salvatore"]
[Black "Abatino, Maurizio"]
[Result "1/2-1/2"]
[WhiteElo "1915"]
[BlackElo "2179"]
[PlyCount "31"]
[EventDate "2007.09.16"]

1. d4 Nf6 2. Nf3 b6 3. g3 Bb7 4. Bg2 e6 5. O-O Be7 6. c4 O-O 7. Nc3 Ne4 8. Nxe4
Bxe4 9. Nd2 Bxg2 10. Kxg2 d5 11. cxd5 Qxd5+ 12. Nf3 Nd7 13. Kg1 Rfd8 14. Bf4 c5
15. dxc5 Nxc5 16. Bc7 1/2-1/2

[Event "I Festival Golfo di Policastro A"]
[Site "San Nicola Arcella ITA"]
[Date "2007.09.19"]
[Round "4"]
[White "Vuelban, Virgilio"]
[Black "Villar Nieves, Antonio"]
[Result "0-1"]
[WhiteElo "2332"]
[BlackElo "2175"]
[PlyCount "64"]
[EventDate "2007.09.16"]

1. Nf3 f5 2. c4 Nf6 3. Nc3 g6 4. g3 Bg7 5. Bg2 O-O 6. O-O d6 7. d4 Qe8 8. d5
Na6 9. Nd4 Bd7 10. b3 c6 11. Bb2 Nc5 12. e3 Nce4 13. Nde2 Qf7 14. dxc6 bxc6 15.
Qc2 d5 16. Na4 Rac8 17. Nf4 g5 18. Nd3 Qh5 19. f3 Nd6 20. Nac5 Qe8 21. Ne5 e6
22. f4 g4 23. Ba3 Qe7 24. Ncxd7 Nxd7 25. Nxd7 Qxd7 26. Rad1 Rfd8 27. Qe2 Qc7
28. Rd2 Qa5 29. Bxd6 Rxd6 30. Rfd1 Rcd8 31. Kf1 Qb4 32. cxd5 32... cxd5 {...}
0-1

[Event "I Festival Golfo di Policastro A"]
[Site "San Nicola Arcella ITA"]
[Date "2007.09.19"]
[Round "5"]
[White "Barlotti, Gabriele"]
[Black "Bruno, Franco"]
[Result "1-0"]
[WhiteElo "1660"]
[BlackElo "1849"]
[PlyCount "72"]
[EventDate "2007.09.16"]

1. d4 d5 2. c4 e6 3. Nc3 Nf6 4. Bg5 c6 5. e3 Nbd7 6. Nf3 Qa5 7. Nd2 Bb4 8. Qc2
O-O 9. Nb3 Qc7 10. Bd3 b6 11. Bf4 Bd6 12. Bxd6 Qxd6 13. cxd5 exd5 14. Nd2 Re8
15. O-O Nf8 16. Nf3 Ng6 17. h3 Bd7 18. Rfe1 Rac8 19. Rad1 Nh5 20. Bf5 Re7 21.
Bxd7 Qxd7 22. Qd3 Rce8 23. a3 Nf6 24. Qd2 h6 25. b4 Ne4 26. Nxe4 dxe4 27. Nh2
Rd8 28. Qc2 h5 29. Nf1 Qd5 30. Nd2 Nh4 31. Nf1 Rd6 32. Ng3 Rg6 33. Kh1 Nxg2 34.
Kxg2 Qf5 35. Kh2 Qg5 36. Rg1 Qf6 1-0

[Event "I Festival Golfo di Policastro A"]
[Site "San Nicola Arcella ITA"]
[Date "2007.09.19"]
[Round "5"]
[White "Bentivegna, Francesco"]
[Black "Okhotnik, Vladimir"]
[Result "1/2-1/2"]
[WhiteElo "2277"]
[BlackElo "2468"]
[PlyCount "112"]
[EventDate "2007.09.16"]

1. e4 e5 2. Nf3 Nc6 3. d4 exd4 4. Nxd4 Nxd4 5. Qxd4 Qf6 6. e5 Qb6 7. Qxb6 axb6
8. Nc3 c6 9. Bd3 d5 10. exd6 Bxd6 11. O-O Ne7 12. Re1 Bb4 13. Bd2 Be6 14. a3
Bxc3 15. Bxc3 O-O 16. f4 Nd5 17. Bd2 b5 18. Kf2 Ra4 19. Re4 g6 20. Rxa4 bxa4
21. h3 Rd8 22. g4 f5 23. Re1 Kf7 24. Kg3 b5 25. Re5 Nf6 26. Ba5 Ra8 27. Bc3 Nd7
28. Re3 Rg8 29. Be2 h6 30. Bf3 Rc8 31. Rd3 c5 32. Rd6 b4 33. axb4 cxb4 34. gxf5
Bxf5 35. Bd5+ Ke8 36. Bxb4 Rxc2 37. Ba3 Nc5 38. Rc6 Nd7 39. Ra6 Nc5 40. Rc6 Nd7
41. Rd6 Nc5 42. Bc6+ Kf7 43. Bxc5 Rxc5 44. Bxa4 Ke7 45. Rd4 Rc1 46. Bd1 Rb1 47.
Rd2 h5 48. h4 Kf6 49. Rd6+ Ke7 50. Rd2 Kf6 51. Kf2 Be4 52. Ke3 Bf5 53. Rd6+ Ke7
54. Rd2 Kf6 55. Rd6+ Ke7 56. Rd2 Kf6 1/2-1/2

[Event "I Festival Golfo di Policastro A"]
[Site "San Nicola Arcella ITA"]
[Date "2007.09.19"]
[Round "5"]
[White "Blasco, Domenico"]
[Black "Luch, Michal"]
[Result "1/2-1/2"]
[WhiteElo "1981"]
[BlackElo "2362"]
[PlyCount "166"]
[EventDate "2007.09.16"]

1. d4 Nf6 2. Nf3 g6 3. e3 Bg7 4. Be2 O-O 5. O-O c5 6. c4 cxd4 7. exd4 d5 8. Nc3
Nc6 9. h3 h6 10. Be3 Be6 11. Qd2 Kh7 12. Rfd1 b6 13. Rac1 Qb8 14. cxd5 Nxd5 15.
Nxd5 Bxd5 16. Bb5 Qb7 17. Qe2 Rfd8 18. Bc4 e6 19. Bxd5 Rxd5 20. Qc4 Rc8 21. b4
b5 22. Qb3 Rcd8 23. a3 a6 24. Rc5 Ne7 25. Rdc1 R5d7 26. Qc2 Nd5 27. Qe4 Ne7 28.
Qxb7 Rxb7 29. Rc7 Rd7 30. Rxb7 Rxb7 31. Kf1 Kg8 32. Ke2 Kf8 33. Ne5 Ke8 34. Nc6
Nd5 35. Na5 Rc7 36. Rxc7 Nxc7 37. Nb3 Kd7 38. Kd3 Kc6 39. Bf4 Nd5 40. Be3 Nb6
41. Nc5 Nc4 42. Nxa6 Nxa3 43. Nc5 Bf8 44. Bd2 h5 45. g4 hxg4 46. hxg4 Nc4 47.
Bc3 Kd5 48. Ne4 Be7 49. Nc5 e5 50. dxe5 Nxe5+ 51. Bxe5 Kxe5 52. Kc3 Kf4 53. Kd4
Bf6+ 54. Kd5 Kxg4 55. Kc6 Bc3 56. Kxb5 Kf3 57. Nd3 Ke2 58. Kc4 Bxb4 59. Nxb4
Kxf2 60. Kd4 Kf3 61. Nd3 f6 62. Ne1+ Kf2 63. Nd3+ Kg3 64. Ke3 f5 65. Nf4 g5 66.
Ne2+ Kg2 67. Nf4+ Kg3 68. Ne2+ Kh3 69. Nf4+ Kg4 70. Ne6 Kh4 71. Nxg5 Kxg5 72.
Kf3 f4 73. Kf2 Kf5 74. Kf3 Ke5 75. Kf2 Ke4 76. Ke2 f3+ 77. Kf2 Kf4 78. Kf1 Kg3
79. Kg1 Kg4 80. Kf2 Kf4 81. Kf1 Ke3 82. Ke1 f2+ 83. Kf1 Kf3 1/2-1/2

[Event "I Festival Golfo di Policastro A"]
[Site "San Nicola Arcella ITA"]
[Date "2007.09.19"]
[Round "5"]
[White "Caporale, Giuseppe Guido"]
[Black "Rahimov, Rahmatjon"]
[Result "0-1"]
[WhiteElo "1850"]
[BlackElo "2120"]
[PlyCount "60"]
[EventDate "2007.09.16"]

1. e4 e6 2. d4 d5 3. exd5 exd5 4. Bd3 Nc6 5. c3 Bd6 6. Nf3 Nge7 7. Bg5 f6 8.
Bc1 Bg4 9. O-O Qd7 10. Re1 O-O-O 11. b4 Rde8 12. Be3 f5 13. Bg5 Ng6 14. Be2 h6
15. Be3 Bf4 16. Qd3 Bxe3 17. fxe3 Qe6 18. Bd1 Nd8 19. Nbd2 Nf7 20. h3 Bxf3 21.
Nxf3 Ng5 22. Rc1 Nxf3+ 23. Bxf3 Nh4 24. Qf1 g5 25. c4 Nxf3+ 26. gxf3 dxc4 27.
Rxc4 g4 28. hxg4 fxg4 29. f4 g3 30. Qf3 Qxc4 0-1

[Event "I Festival Golfo di Policastro A"]
[Site "San Nicola Arcella ITA"]
[Date "2007.09.19"]
[Round "5"]
[White "Cruz Alvarez De Ron, Dan"]
[Black "Meijers, Viesturs"]
[Result "0-1"]
[WhiteElo "2204"]
[BlackElo "2483"]
[PlyCount "60"]
[EventDate "2007.09.16"]

1. g3 f5 2. Bg2 Nf6 3. d3 d6 4. Nd2 Nc6 5. e4 e5 6. Ne2 Be6 7. f4 Qd7 8. fxe5
dxe5 9. exf5 Bxf5 10. Nf3 O-O-O 11. Bg5 Bh3 12. Bxh3 Qxh3 13. Nc3 Bb4 14. Bxf6
gxf6 15. Qe2 e4 16. dxe4 Rhe8 17. Rd1 Rxd1+ 18. Kxd1 Bxc3 19. bxc3 Qe6 20. c4
Qd6+ 21. Qd3 Qc5 22. Kc1 Nb4 23. Qb3 Rxe4 24. Nd2 Re3 25. Qa4 c6 26. Kb1 b5 27.
Qa5 Nxc2 28. Rd1 Na3+ 29. Kc1 Qd4 30. Nb3 Rc3+ 0-1

[Event "I Festival Golfo di Policastro A"]
[Site "San Nicola Arcella ITA"]
[Date "2007.09.19"]
[Round "5"]
[White "Drasko, Milan"]
[Black "Bagaturov, Giorgi"]
[Result "1-0"]
[WhiteElo "2552"]
[BlackElo "2474"]
[PlyCount "135"]
[EventDate "2007.09.16"]

1. d4 Nf6 2. c4 e6 3. Nc3 Bb4 4. Qc2 O-O 5. a3 Bxc3+ 6. Qxc3 d6 7. f3 c5 8.
dxc5 dxc5 9. Nh3 Nc6 10. Nf2 h6 11. e3 b6 12. b4 Re8 13. Be2 Bb7 14. bxc5 bxc5
15. O-O Rb8 16. Rd1 Qe7 17. Bb2 e5 18. Rd2 Qc7 19. Rad1 Na5 20. f4 Nc6 21. Bf3
Bc8 22. Ne4 Nxe4 23. Bxe4 Na5 24. Qxe5 Qxe5 25. Bxe5 Bg4 26. Bxb8 Bxd1 27. Be5
Bb3 28. Rd7 Nxc4 29. Rxa7 Nxe5 30. fxe5 g6 31. Ra8 Kf8 32. Kf2 Rxa8 33. Bxa8
Ke7 34. Ke2 Ke6 35. Kd3 Kxe5 36. Kc3 Be6 37. a4 f5 38. a5 Kd6 39. Bf3 Kc7 40.
g3 g5 41. Be2 Kc6 42. Bc4 Bc8 43. Kd3 Kd6 44. Bb5 Bb7 45. Kc4 Bd5+ 46. Kc3 Be6
47. Ba4 Bc8 48. Bc2 Kc6 49. Bd3 Kd6 50. a6 Kc7 51. a7 Bb7 52. Bxf5 Kb6 53. Kc4
Ba6+ 54. Kd5 Bb7+ 55. Kd6 c4 56. e4 c3 57. e5 Kxa7 58. e6 Kb6 59. Kd7 Bc6+ 60.
Kd8 Kc5 61. e7 Kd4 62. e8=Q Bxe8 63. Kxe8 Ke5 64. Bc2 Ke6 65. Kf8 Kf6 66. Kg8
h5 67. Kh7 h4 68. Kh6 1-0

[Event "I Festival Golfo di Policastro A"]
[Site "San Nicola Arcella ITA"]
[Date "2007.09.19"]
[Round "5"]
[White "Efimov, Igor"]
[Black "Bellia, Fabrizio"]
[Result "1-0"]
[WhiteElo "2426"]
[BlackElo "2405"]
[PlyCount "107"]
[EventDate "2007.09.16"]

1. Nf3 Nf6 2. d4 e6 3. g3 d5 4. Bg2 Be7 5. c4 O-O 6. Qc2 c5 7. O-O cxd4 8. Nxd4
Nc6 9. Nxc6 bxc6 10. b3 a5 11. Nc3 Qc7 12. Na4 Qb8 13. Bb2 e5 14. e3 e4 15.
Rfd1 Bg4 16. Rd2 Bb4 17. Nc3 Be6 18. a3 Bd6 19. Ne2 Be5 20. Nd4 Bd7 21. Rb1 h5
22. b4 axb4 23. axb4 Rc8 24. c5 h4 25. Ne2 hxg3 26. hxg3 Qc7 27. Bd4 Bg4 28.
Qb2 Re8 29. Nf4 g5 30. Ne2 Bf3 31. Bxe5 Rxe5 32. Nd4 Bxg2 33. Kxg2 Ng4 34. b5
cxb5 35. Qxb5 Ree8 36. Qe2 Nf6 37. Rb6 Qe5 38. Rc2 Kg7 39. f4 exf3+ 40. Qxf3 g4
41. Qf5 Qe4+ 42. Qxe4 Nxe4 43. Nf5+ Kh7 44. Rb7 Re5 45. Nd4 Ra3 46. Rxf7+ Kg6
47. Rf8 Rxe3 48. Rg8+ Kh5 49. Ne2 Rg5 50. Rh8+ Kg6 51. c6 Nd6 52. c7 Rge5 53.
Nf4+ Kf5 54. Rd8 1-0

[Event "I Festival Golfo di Policastro A"]
[Site "San Nicola Arcella ITA"]
[Date "2007.09.19"]
[Round "5"]
[White "Epishin, Vladimir V."]
[Black "Buhmann, Rainer"]
[Result "1/2-1/2"]
[WhiteElo "2587"]
[BlackElo "2583"]
[PlyCount "22"]
[EventDate "2007.09.16"]

1. d4 d5 2. c4 c6 3. Nf3 Nf6 4. e3 a6 5. Nc3 b5 6. b3 Bg4 7. Be2 e6 8. h3 Bh5
9. O-O Bd6 10. Bb2 O-O 11. Nd2 Bg6 1/2-1/2

[Event "I Festival Golfo di Policastro A"]
[Site "San Nicola Arcella ITA"]
[Date "2007.09.19"]
[Round "5"]
[White "Gad, Ahmad"]
[Black "Colucci, Stefano"]
[Result "0-1"]
[WhiteElo "1796"]
[BlackElo "1944"]
[PlyCount "60"]
[EventDate "2007.09.16"]

1. e4 c5 2. Nf3 d6 3. d4 cxd4 4. Nxd4 Nf6 5. Nc3 a6 6. Bg5 e6 7. f4 Qb6 8. Nb3
Be7 9. Qd2 h6 10. Bxf6 Bxf6 11. O-O-O Be7 12. Kb1 Bd7 13. Be2 Nc6 14. Na4 Qc7
15. Rhf1 Rc8 16. Nc3 b5 17. Bxb5 axb5 18. Nxb5 Qb8 19. Nxd6+ Qxd6 20. Qxd6 Bxd6
21. Rxd6 e5 22. c4 exf4 23. Rxf4 Ne5 24. c5 O-O 25. Rf2 Bb5 26. Rd5 Rfe8 27.
Kc2 Ng4 28. Rf3 Rxe4 29. Nd2 Re2 30. Rh5 g6 0-1

[Event "I Festival Golfo di Policastro A"]
[Site "San Nicola Arcella ITA"]
[Date "2007.09.19"]
[Round "5"]
[White "Lazic, Miroljub"]
[Black "Rotstein, Arkadij"]
[Result "1-0"]
[WhiteElo "2470"]
[BlackElo "2515"]
[PlyCount "97"]
[EventDate "2007.09.16"]

1. Nf3 c5 2. b3 Nc6 3. Bb2 d6 4. d4 cxd4 5. Nxd4 Nf6 6. c4 g6 7. e3 Bg7 8. Be2
O-O 9. O-O Bd7 10. Nc3 Nxd4 11. exd4 a6 12. a4 Qa5 13. Bf3 Rab8 14. Re1 e6 15.
Qd3 Rfc8 16. Ba3 Qc7 17. Rac1 Bh6 18. Rcd1 d5 19. c5 b6 20. b4 Bf8 21. Rc1 Qf4
22. h3 bxc5 23. dxc5 a5 24. b5 Bxc5 25. Ne2 Bxf2+ 26. Kxf2 Qxa4 27. Bb2 Bxb5
28. Rxc8+ Rxc8 29. Qe3 Ne4+ 30. Bxe4 Qxe4 31. Qxe4 dxe4 32. Bf6 Rc2 33. Ke3
Rxe2+ 34. Rxe2 Bxe2 35. Kxe2 Kf8 36. Ke3 Ke8 37. Kxe4 Kd7 38. g4 Kd6 39. g5 Kc5
40. Bb2 a4 41. Ke5 Kc4 42. Kf6 Kd5 43. h4 e5 44. Bxe5 Ke4 45. Bb2 Kf4 46. Kxf7
Kg4 47. Kg7 Kxh4 48. Kh6 Kg4 49. Bc1 1-0

[Event "I Festival Golfo di Policastro A"]
[Site "San Nicola Arcella ITA"]
[Date "2007.09.19"]
[Round "5"]
[White "Lombardi, Mariano"]
[Black "Damia, Angelo"]
[Result "0-1"]
[WhiteElo "1877"]
[BlackElo "2263"]
[PlyCount "54"]
[EventDate "2007.09.16"]

1. e4 g6 2. d4 Bg7 3. Nf3 d6 4. c3 a6 5. h3 Nd7 6. Be3 b6 7. Nbd2 Bb7 8. Bc4 e6
9. Qc2 c5 10. a4 Ne7 11. O-O cxd4 12. cxd4 Rc8 13. Qb3 d5 14. Bd3 dxe4 15. Nxe4
Nf6 16. Nxf6+ Bxf6 17. Be2 O-O 18. Rfc1 Rxc1+ 19. Rxc1 Nf5 20. Kf1 Qd6 21. Kg1
Bxd4 22. Rd1 Bd5 23. Qd3 Bxe3 24. fxe3 Qc5 25. Kf2 a5 26. g4 Nd6 27. Qd4 Rc8
0-1

[Event "I Festival Golfo di Policastro A"]
[Site "San Nicola Arcella ITA"]
[Date "2007.09.19"]
[Round "5"]
[White "Marincolo, Piercarlo"]
[Black "Abatino, Maurizio"]
[Result "0-1"]
[WhiteElo "1760"]
[BlackElo "2179"]
[PlyCount "50"]
[EventDate "2007.09.16"]

1. e4 e6 2. d4 d5 3. Nd2 Be7 4. c3 c5 5. Ngf3 Nf6 6. e5 Nfd7 7. Bb5 Nc6 8. Bxc6
bxc6 9. O-O O-O 10. Re1 cxd4 11. Nxd4 Qc7 12. N2f3 c5 13. Nb3 f6 14. exf6 Nxf6
15. Bg5 Bd6 16. h3 Bd7 17. Nbd2 Rae8 18. Nf1 Bc6 19. Ne3 Ne4 20. Bh4 Qf7 21.
Qe2 h6 22. Nd2 Qf4 23. g3 Qxf2+ 24. Qxf2 Nxf2 25. Kh2 g5 0-1

[Event "I Festival Golfo di Policastro A"]
[Site "San Nicola Arcella ITA"]
[Date "2007.09.19"]
[Round "5"]
[White "Naumkin, Igor"]
[Black "Valenti, Giuseppe"]
[Result "1/2-1/2"]
[WhiteElo "2490"]
[BlackElo "2221"]
[PlyCount "90"]
[EventDate "2007.09.16"]

1. d4 Nf6 2. c4 e6 3. Nf3 b6 4. g3 Bb7 5. Bg2 Bb4+ 6. Bd2 Bxd2+ 7. Qxd2 O-O 8.
O-O Ne4 9. Qc2 f5 10. Rd1 Qe7 11. Ne1 Na6 12. a3 d5 13. Nd2 c5 14. cxd5 exd5
15. Ndf3 f4 16. Nd3 fxg3 17. hxg3 cxd4 18. Rf1 Rac8 19. Qd1 Qf6 20. Nb4 Rc4 21.
Nc2 Nac5 22. Ncxd4 Na4 23. Rb1 g5 24. e3 Ba6 25. Nb3 Rd8 26. Nbd2 Nxb2 27. Qb3
g4 28. Qxb2 Qxb2 29. Rxb2 gxf3 30. Bxf3 Rc3 31. Rd1 Ng5 32. Bg2 Rxa3 33. Nb3
Bc4 34. Nd4 Ne4 35. Bxe4 dxe4 36. Rc1 Bd3 37. Rc7 Ra1+ 38. Kg2 Rd5 39. Kh3 Rg5
40. Ne6 Rh1+ 41. Kg2 Rgh5 42. g4 R1h2+ 43. Kg3 R2h3+ 44. Kg2 Rh2+ 45. Kg3 R2h3+
1/2-1/2

[Event "I Festival Golfo di Policastro A"]
[Site "San Nicola Arcella ITA"]
[Date "2007.09.19"]
[Round "5"]
[White "Villar Nieves, Antonio"]
[Black "Pedersen, Nicolai Vesterbaek"]
[Result "1/2-1/2"]
[WhiteElo "2175"]
[BlackElo "2440"]
[PlyCount "58"]
[EventDate "2007.09.16"]

1. d4 Nf6 2. Bg5 c5 3. Nc3 d5 4. Bxf6 gxf6 5. e3 Nc6 6. dxc5 e6 7. Qh5 Qa5 8.
O-O-O Bd7 9. Kb1 Qxc5 10. Nge2 a6 11. g3 f5 12. Bh3 Bg7 13. g4 fxg4 14. Qxg4
Bxc3 15. Nxc3 O-O-O 16. Qh5 Qe7 17. Rhg1 Qf6 18. f4 Rhg8 19. Rg3 Rg6 20. Qf3
Kb8 21. Bf1 Be8 22. a3 d4 23. Ne4 Qe7 24. Bd3 f5 25. Nd2 dxe3 26. Nc4 Qh4 27.
Qxe3 Qf6 28. Re1 Rh6 29. h3 Rg6 1/2-1/2

[Event "I Festival Golfo di Policastro A"]
[Site "San Nicola Arcella ITA"]
[Date "2007.09.19"]
[Round "5"]
[White "Vuelban, Virgilio"]
[Black "Rotoni, Matteo"]
[Result "1-0"]
[WhiteElo "2332"]
[BlackElo "2074"]
[PlyCount "40"]
[EventDate "2007.09.16"]

1. e4 e6 2. d4 d5 3. Nc3 Bb4 4. e5 Bd7 5. Qg4 g6 6. Bg5 f6 7. exf6 Nxf6 8. Qh4
Be7 9. Nf3 Ne4 10. Nxe4 dxe4 11. Bxe7 Qxe7 12. Qxe4 Qb4+ 13. Nd2 Nc6 14. d5
Qxe4+ 15. Nxe4 Nb4 16. Nf6+ Ke7 17. Nxd7 Kxd7 18. dxe6+ Kxe6 19. O-O-O Nxa2+
20. Kb1 20... Nb4 {...} 1-0

[Event "I Festival Golfo di Policastro A"]
[Site "San Nicola Arcella ITA"]
[Date "2007.09.20"]
[Round "6"]
[White "Abatino, Maurizio"]
[Black "Barlotti, Gabriele"]
[Result "1-0"]
[WhiteElo "2179"]
[BlackElo "1660"]
[PlyCount "87"]
[EventDate "2007.09.16"]

1. d4 d5 2. c4 e6 3. Nc3 Nf6 4. Bg5 Nbd7 5. e3 c6 6. Nf3 Qa5 7. cxd5 Nxd5 8.
Qd2 Bb4 9. Rc1 N7f6 10. Bd3 O-O 11. a3 Be7 12. O-O Nxc3 13. Rxc3 Qd8 14. Rcc1
Ne4 15. Bxe4 Bxg5 16. Nxg5 Qxg5 17. f4 Qe7 18. Rc5 Rd8 19. Qc2 h6 20. b4 Bd7
21. Rc1 Rac8 22. Qf2 Rf8 23. h3 f5 24. Bf3 Rfd8 25. Kh2 Rf8 26. Rg1 Kh8 27. g4
g6 28. Qb2 Kh7 29. Qe2 Qf7 30. g5 h5 31. Bxh5 Rfd8 32. Bf3 Kg7 33. Kg2 Rh8 34.
Kg3 Qe7 35. Qb2 Kg8 36. Rh1 Qd8 37. Rc2 Qe7 38. h4 Qd8 39. Rch2 Be8 40. h5 Qd7
41. hxg6 Rxh2 42. Qxh2 Qg7 43. Qh7+ Qxh7 44. Rxh7 1-0

[Event "I Festival Golfo di Policastro A"]
[Site "San Nicola Arcella ITA"]
[Date "2007.09.20"]
[Round "6"]
[White "Bagaturov, Giorgi"]
[Black "Bentivegna, Francesco"]
[Result "1-0"]
[WhiteElo "2474"]
[BlackElo "2277"]
[PlyCount "55"]
[EventDate "2007.09.16"]

1. d4 e6 2. c4 b6 3. e4 Bb7 4. d5 Qh4 5. Bd3 Bc5 6. Qe2 Na6 7. a3 Qe7 8. Nf3 e5
9. b4 Bd4 10. Nxd4 exd4 11. Bb2 c5 12. dxc6 dxc6 13. Bxd4 Nf6 14. O-O O-O-O 15.
Bb2 Nc7 16. Nc3 Ne6 17. Nd5 cxd5 18. exd5 Nxd5 19. cxd5 Bxd5 20. Rfd1 Kb7 21.
Be4 Nf4 22. Bxd5+ Nxd5 23. Qf3 Rhe8 24. h3 Qe2 25. Qxe2 Rxe2 26. Bxg7 Ree8 27.
Rd4 Nc7 28. Rad1 {...} 1-0

[Event "I Festival Golfo di Policastro A"]
[Site "San Nicola Arcella ITA"]
[Date "2007.09.20"]
[Round "6"]
[White "Bellia, Fabrizio"]
[Black "Vuelban, Virgilio"]
[Result "1-0"]
[WhiteElo "2405"]
[BlackElo "2332"]
[PlyCount "63"]
[EventDate "2007.09.16"]

1. e4 c5 2. Nf3 Nc6 3. d4 cxd4 4. Nxd4 Nf6 5. Nc3 d6 6. Be2 e6 7. O-O Be7 8. f4
O-O 9. Be3 a6 10. Kh1 Qc7 11. a4 Re8 12. Qd2 Bd7 13. Nb3 b6 14. Rad1 Bc8 15.
Bf3 Rb8 16. Qf2 Nd7 17. e5 dxe5 18. Bxc6 Qxc6 19. fxe5 Rf8 20. Nd4 Qc7 21. Qg3
Kh8 22. Bf4 Bb7 23. Nf5 exf5 24. e6 Qc6 25. Rxd7 Bh4 26. Qh3 fxe6 27. Rc7 Qe8
28. Qxh4 e5 29. Qg3 Rf7 30. Rxf7 Qxf7 31. Bxe5 Re8 32. Rxf5 1-0